000 00868nam a22002777a 4500
001 BR2011005162
003 BR-BrBNA
005 20230928103656.0
007 ta
008 230509b bl.||||| |||| 00| 0 por d
040 _aBR-BrBNA
_bpor
_cBiblioteca Nacional de Agricultura
041 _a(Por)
072 _aK10
090 _ K10 BR2011005162
100 1 _aBaldaçara, J.
110 1 _aUniversidade Federal de Lavras, MG (Brasil)
_0Tese (Mestrado)
245 1 _aDinâmica da comunidade arbórea em um gradiente entre mata paludosa e de encosta em Coqueiral, Minas Gerais
260 3 _aLavras, MG (Brasil):
_c2010.
300 _a53 p.
500 _aSummaries (Eng, Por); Bibliography p. 47-53; 6 illus.
650 _aFLORESTA TROPICAL
650 _aECOLOGIA FLORESTAL
650 _aMINAS GERAIS
909 _a202309
_bLucia
_c55
_dLucia Elande
942 _cBK
999 _c76096
_d76096